International Economics (Record no. 755829)

MARC details
000 -LEADER
fixed length control field 00493nam a2200193 4500
020 ## - INTERNATIONAL STANDARD BOOK NUMBER
ISBN 9788120417649
041 ## - LANGUAGE CODE
Language code of text/sound track or separate title English
082 ## - DEWEY DECIMAL CLASSIFICATION NUMBER
Classification number 337
Item number VAI/I
084 ## - OTHER CLASSIFICATION NUMBER
Source of Number Colon Classification
100 ## - MAIN ENTRY--AUTHOR NAME
Personal name Vaish M. C.
245 ## - TITLE STATEMENT
Title International Economics
250 ## - EDITION STATEMENT
Edition statement 1
260 ## - PUBLICATION, DISTRIBUTION, ETC. (IMPRINT)
Place of publication New Delhi:
Name of publisher C.B.S Publishers and Distributors,
Year of publication 2018.
300 ## - PHYSICAL DESCRIPTION
Number of Pages 508p.
650 ## - SUBJECT ADDED ENTRY--TOPICAL TERM
Topical Term International Economics
700 ## - ADDED ENTRY--PERSONAL NAME
Personal name Sudama Singh
942 ## - ADDED ENTRY ELEMENTS (KOHA)
Source of classification or shelving scheme Dewey Decimal Classification
Koha item type Book
Holdings
Withdrawn status Lost status Source of classification or shelving scheme Damaged status Not for loan Collection code Home Library Current Location Shelving location Date acquired Full call number Accession Number Price effective from Koha item type
    Dewey Decimal Classification     Non-fiction Dept. of Economics Dept. of Economics Processing Center 06/01/2026 337 VAI/I ECN16938 06/01/2026 Book